00518nam a2200193 a 4500001001300000003000900013005001700022008004100039020001000080082001600090100002200106245003600128260004000164300000900204500003500213505004000248650001400288700002200302nice12345678IN_TiNIC20260116011845.0050524s1963 phia grp 000 0 eng  ac10000a232.91bBUK aBuksbazen, Victor aMiriam, the Virgin of Nazareth. aPhiladelphiabSpearhead Pressc1963 a239p aincludes index and biblioraphy2 aappendix, bibliography and indexes. aMariology1 aBuksbazen, Victor